Vista normal
Vista MARC
Entrada Nombre personal
Número de registros utilizados en: 8
001 - NÚMERO DE CONTROL
- Campo de control: 22420
003 - IDENTIFICADOR DE NÚMERO DE CONTROL
- Campo de control: ES-MaCES
005 - FECHA Y HORA DE LA ULTIMA MODIFICACION
- Campo de control: 20250213112916.0
008 - ELEMENTOS DE DATOS DE LONGITUD FIJA
- Campo de longitud fija: 990609 | azznnaabn |n aaa d
035 ## - NÚMERO DE CONTROL DEL SISTEMA
- Número de control del sistema: CES19990007951n
040 ## - FUENTE DE LA CATALOGACIÓN
- Agencia original de catalogación: ES-MaCES
- Idioma de catalogación: spa
- Agencia de transcripción: ES-MaCES
100 1# - ENCABEZAMIENTO--NOMBRE DE PERSONA
- Nombre personal: Rodríguez Ramos, Patrocinio
400 1# - TRAZADO VEÁSE--NOMBRE DE PERSONA
- Nombre personal: Rodríguez-Ramos Velasco, Patrocinio
901 ## - CES. DATOS SIRTEX
- ID Sirtex (N5N8): 0001500008937
- 005BIS Sirtex: 199906091411ANABEL

